00686nam a2200181 a 450000100100000000500170001000800410002704000250006810000270009324500390012026000510015930000200021049000690023083000730029904900090037295201060038199900170048700003163720250924073803.0110628s1997 dr 000 0 spa d aDO-SdBNPbspacBNPHU1 aOrtega, Ángel92406610aLingva Ergo Svm /cÁngel Ortega. aSanto Domingo :bEditora Universitaria,c1997. a48 p. ;c22 cm.1 aPublicaciones de la Universidad Autónoma de Santo Domingov815 aPublicaciones de la Universidad Autónoma de Santo Domingov815952 aBNPD 00107-18PDaPDbPDcOId2011-06-28iLF1l0o p31637-10r2020-06-25w2020-06-25yLFPDZNo se presta c31129d31129